<?xml version="1.0" encoding="UTF-8"?>
<record
    xmlns:xsi="http://www.w3.org/2001/XMLSchema-instance"
    xsi:schemaLocation="http://www.loc.gov/MARC21/slim http://www.loc.gov/standards/marcxml/schema/MARC21slim.xsd"
    xmlns="http://www.loc.gov/MARC21/slim">

  <leader>00478    a2200121   4500</leader>
  <controlfield tag="001">ART_44813</controlfield>
  <controlfield tag="005">20260410162024.0</controlfield>
  <controlfield tag="008">260409a                                 </controlfield>
  <datafield tag="245" ind1="1" ind2="0">
    <subfield code="a">Nuevos enfoques sobre las cuentas nacionales de transferencias para la pol&#xED;tica fiscal, los programas sociales y las transferencias familiares de los pa&#xED;ses</subfield>
  </datafield>
  <datafield tag="100" ind1="1" ind2=" ">
    <subfield code="a">Mason, Andrew</subfield>
  </datafield>
  <datafield tag="700" ind1="1" ind2=" ">
    <subfield code="a">Lee, Ronald</subfield>
  </datafield>
  <datafield tag="773" ind1="0" ind2=" ">
    <subfield code="t">Notas de poblaci&#xF3;n</subfield>
    <subfield code="g">- A&#xF1;o XXXVII, N&#xBA; 90 (ene./jun. 2010)</subfield>
    <subfield code="w">REV41841</subfield>
  </datafield>
  <datafield tag="999" ind1=" " ind2=" ">
    <subfield code="c">33372</subfield>
    <subfield code="d">33372</subfield>
  </datafield>
</record>
